LDR 00635naa#a2200193#i#450# 001 EN\\bibl\121831 005 20260501214103.5 011 ## _a3034-4689 100 ## _a20260424b2026####ek#y0engy0150####ca 102 ## _aRU 200 1# _aAPPLICATION OF ARTIFICIAL INTELLIGENCE TECHNOLOGIES FOR THE AUTOMATION OF DESIGN AND TECHNOLOGICAL PRE-PRODUCTION IN THE FOOTWEAR INDUSTRY _eJournal article 210 1# _aKazan _cKazan National Research Technological University _d2026 215 ## _a6 с. 608 ## _aJournal article _2local 700 #1 _aKerimova _gS.Sh. 700 #1 _aTatarchuk _gI.R. 700 #1 _aLitvin _gE.V. 700 #1 _a _g 856 4# _avestniktu.ru _u